Statistics for Top 4 Clubs in the Top 5 European Leagues (Since 2010)

Click here to take the quiz!

General Stats

  • This quiz has been taken 60 times
  • The average score is 34 of 46

Answer Stats

HintAnswer% Correct
Serie AInter
100%
Serie AJuve
100%
Serie AMilan
100%
BundesligaBorussia Dortmund
98%
Serie ALazio
98%
Premier LeagueManchester City
98%
Premier LeagueManchester United
98%
Serie ANapoli
98%
BundesligaBayern Munich
96%
Premier LeagueChelsea
96%
Premier LeagueLiverpool
96%
La LigaReal Madrid
96%
Serie ARoma
96%
La LigaBarcelona
94%
Premier LeagueArsenal
92%
Serie AFiorentina
92%
Ligue 1PSG
92%
Premier LeagueTottenham
88%
La LigaAtletico Madrid
87%
La LigaValencia
87%
Serie AAtalanta
85%
Premier LeagueLeicester
85%
La LigaSevilla
85%
Ligue 1Lyon
81%
Ligue 1Marseille
81%
BundesligaLeipzig
77%
Serie AUdinese
75%
BundesligaBayer Leverkusen
71%
Ligue 1Monaco
71%
BundesligaWolfsburg
69%
Ligue 1Lille
67%
BundesligaSchalke 04
67%
Serie ASampdoria
65%
La LigaVillareal
62%
Ligue 1Nice
60%
La LigaAthletic Bilbao
58%
La LigaReal Sociedad
58%
BundesligaBorussia Monchengladbach
54%
Ligue 1Montpellier
54%
Ligue 1Rennes
46%
BundesligaHoffenheim
42%
Ligue 1Saint Etienne
42%
La LigaMalaga
38%
Ligue 1Auxerre
21%
BundesligaHannover 96
13%
BundesligaWender Brema
6%

Score Distribution

Percentile by Number Answered

Percent of People with Each Score

Your Score History

You have not taken this quiz